000 01419nam a2200361 c 4500
999 _c87639
_d87639
003 BLK
005 20240228104951.0
008 180408b bul|||||r ||||||| ||bul||
010 _aKNG00092290000
040 _aBLK
041 _aBUL
_cBUL
072 7 _2bullib
_aЯ
_xАвтографи
072 7 _2bullib
_aРА
_xРусенски автори
080 _aБългарска литература
_b821.163.2
_x-93-1
_z821.163.2-93-1
100 _aЦанев, Иван
_gПоет. Литературовед. Преводач от гръцки и унгарски език.
_d1941-
_qИванов, Иван Цанев
_9364167
139 _aЦанев, Иван
_bЦ 16
245 1 0 _aДневно щурче
_bСтихотворения за деца
_cИван Цанев; худож. Михалис Гарудис.
257 _aBGR
260 _aСофия
_bБълг. писател
_c1975
300 _a52 с.
_bс ил.
_c22 см
380 _aDX
500 _a4 100 тир.
659 _aЯ
700 1 _aГарудис, Михалис
_eхудож.
_9302809
852 _aЦб 101044
856 4 _qpdf
_i0.00
_ldisable
856 4 _qpdf
_i0.00
_ldisable
942 _cKNG
_n0
_s1
944 _aCR
_c28.10.2009
_lГеновева Генчева
_k30560
944 _aED
_c15.09.2017
_lф /
_kХристина_Везирева
944 _aED
_c2022-12-01
_kХристина Везирева
999 _d87639